00481nam a2200193 a 450000100060000000300090000600800410001502000150005604000280007108200160009910000230011524500320013825000060017026000400017630000100021665000150022665000150024165000310025619974CO-ViMGA141112s2004 ck r 000 u spa d a8488665081 aCO-ViMGAbspacCO-ViMGA04a137.7 X153q1 aXandró, Mauricio10aGrafología y Psicología a4 aMadrid : bEdiciones Xandró; 1996 a94 p.14aCALIGRAFIA14aGRAFOLOGIA14aPSICOLOGIA DE LA ESCRITURA